000 01706cam a22002054a 4500
005 20250605164112.0
008 250528s ||||||||||||||||||||||||d
035 _a17944
020 _a412463407
040 _aGR-AtMCL
_bgre
_dGR-AtMCL
_eAACR2
245 1 _aStrategic Management / Awareness and Change: Second Edition
250 _a2nd
260 _bChapman & Hall,
_c1993
300 _a760
520 _aThe book explains the processes underlying the proactive formulation and implementation of strategies and demonstrates the importance of reacting quickly and effectively in a competitive and turbulent environment. Preface, Acknowledgements, The Strategy Process, Exploring Strategic Management, A Strategic Management Framework, Strategic Leadership and Decision Making, Culture and Values, Situation Assessment, Where are We Going?, How are We Going?, Analyzing Competition, What Causes a Company to Fail?, Situation Analysis, Where are Our Opportunities and Threats?, Marketing as a Strategic Resource, Operations as a Strategic Resource, People as a Strategic Resource, Finance as a Strategic Resource, Information as a Strategic Resource, Where is Our Competitive Advantage?, Changes in Corporate Strategy, Where Do We Want to Go?, What Strategic Alternatives are Available?, Growth Strategies: Diversification and Acquisition and Joint Venture, Recovery and Recession and Divestment Strategies, Management Buy-Outs, What Constitutes a Good Choice?, Strategy Implementation, Strategy and Structure, Resource Management and Control, Managing Change, Final Thoughts, Author and Subject Index.
700 1 _aThompson John L
_9614
942 _cBK
999 _c3338
_d3338